000 00922nam0a22002651 4500
001 rc\312836
005 20250621032432.0
010 _a5-11-001597-Х
_93000
035 _a(NLR Aleph) 005547465
090 _a5774956
_c5774956
100 _a20030307d1990 |||y0rusy50 ca
101 0 _arus
102 _aRU
105 _aa |||||||||
200 1 _aКрымская Готия
_eОчерки этнич. истории населения Крыма в позднеримский период и раннее средневековье
210 _aКиев
_cЛыбидь
_d1990
215 _a195, [3] с.
_cил.
_d21
300 _aИзд. на средства авт.
320 _aБиблиогр.: с. 173-196 (538 назв.)
700 1 _aПиоро
_bИ.С.
_gИгорь Станиславович
801 0 _aRU
_bNLR
_gpsbo
801 1 _aRU
_bELAR
_2rusmarc
852 _aNLR
_j90-3/7639
942 _cBOOK
980 _aNB